000 00768nam a2200229Ia 4500
003 OSt
005 20260204171108.0
008 220923b |||||||| |||| 00| 0 eng d
020 _a0521789834
037 _cGeneral Book
040 _aRTL
_cRTL
_beng
041 _2eng
_aeng
084 _aY:45, N9
_qRTL
100 _aFindlay Mark
_9249570
245 0 _aGlobalisation of crime: understanding transitional Relationships in Context
260 _aCambridge
_bCambridge University Press
_c1999
300 _ax, 243 p.
_bIncludes bibliographical references and index
500 _aBibliography: P 226-35
650 _aSocial Crime
_9233199
942 _hY:45, N9
_cGB
_2CC
_n0
999 _c494377
_d494377